Uma aventura no egipto (Registo nº 27247)

Detalhes MARC
000 -Etiqueta do registo
Valores 00609nam a2200205 4500
010 ## - Número ISBN
ISBN 9722112392
021 ## - Número do Depósito Legal
Número 133 941/99
090 ## -
-- 27247
100 ## - Dados gerais de processamento
Dados gerais 20060220d demy0pory5003 ba
200 1# - Titulo e menção de responsabilidade
Título próprio Uma aventura no egipto
Primeira menção de responsabilidade Ana Maria Magalhães
-- Isabel Alçada
Outras menções de responsabilidade Ilustr. Arlindo Fagundes
205 ## - Menção da edição
Edição 2ª edição
210 ## - Publicação
Local de publicação Lisboa
Nome do editor Editorial Caminho
Data de publicação 1999
215 ## - Descrição física 
Paginação / Volumes 250, [6] p.
Dimensões 18 cm
225 2# - Colecção 
Título próprio da colecção Uma Aventura
Indicação de volume 40
675 ## - CDU
Notação 087.5
Edição BN
Língua por
700 #1 - Autor principal (pessoa individual)
Apelido Magalhães
Nome Ana Maria
ID Autoridade 2399
701 #1 - Co-autor principal (pessoa individual)
Apelido Alçada
Nome Isabel
ID Autoridade 2400
702 #1 - Autor secundário (pessoa individual)
Apelido Fagundes
Nome Arlindo
ID Autoridade 4119
990 ## - Elementos KOHA
Tipo de documento Livro
995 ## - Localização e informação dos exemplares
-- 18
Exemplares
Situação do levantamento Estado Biblioteca de origem Biblioteca de empréstimo Código de barras Cota Permissão de empréstimo Tipo de documento
  Completo Biblioteca da Escola Básica e Secundária Dr Isidoro de Sousa Biblioteca da Escola Básica e Secundária Dr Isidoro de Sousa 489EV 087.5 ALÇ Disponível Livro




Powered by Koha